Symbol und Wirklichkeit
Αποθηκεύτηκε σε:
| Κύριος συγγραφέας: | |
|---|---|
| Μορφή: | Βιβλίο |
| Γλώσσα: | German English |
| Δημοσίευση: |
Gottingen :
Vandenhoeck & Ruprecht,
[1962]
|
| Σειρά: | Kleine Vandenhoeck-Reihe ;
; 151 |
| Θέματα: | |
| Ετικέτες: |
Προσθήκη ετικέτας
Δεν υπάρχουν, Καταχωρήστε ετικέτα πρώτοι!
|
MARC
| LEADER | 00000cam a2200000 i 4500 | ||
|---|---|---|---|
| 001 | 1/39312 | ||
| 008 | 061213s1962 ger d | ||
| 035 | |l 10086558 | ||
| 040 | |a GR-MY-UA |b gre |e aacr | ||
| 041 | 1 | |a ger |h eng | |
| 082 | 0 | |a 201 |2 (22) | |
| 100 | 1 | |a Tillich, Paul, |d 1886-1965. | |
| 245 | 1 | 0 | |a Symbol und Wirklichkeit / |c Paul Tillich |
| 260 | |a Gottingen : |b Vandenhoeck & Ruprecht, |c [1962] | ||
| 300 | |a 70 σ.; |c 21 εκ. | ||
| 490 | 1 | |a Kleine Vandenhoeck-Reihe |v ; 151 | |
| 500 | |a Με: Biblische religion und die Frage nach dem Sein / Paul Tillich. - Der Glaube - was ist das? / Heinrich Buhr. - Was ist Christentum? / Friedrich Gogarten. - Weltbild und Glaube im 20. Jahrhundert / Heinz-Horst Schrey. - Der Standort der Theologie in unserer Zeit / Hans Rudolf Muller-Schwefe | ||
| 650 | 0 | 0 | |a Symbolism. |
| 830 | 0 | |a Kleine Vandenhoeck-Reihe ; |v ; 151 | |
| 852 | |a INST |b RHODES |c KRI |e 20061213 |h 201 TIL |p 005400027355 |q 005400027355 |t BK |y 0 | ||
| 901 | |a BIBL4-2006-3 | ||
| 909 | |a Ρ |b 123817 | ||
| 970 | |a ΚΟΖΑ |b ΜΑΡΙΑ |z 2006/12/13 | ||